Geography Quiz

Random Geography or Asia Quiz

Unique Starting Asian Countries Quiz Stats

 Plays Quiz Updated Oct 12, 2016

Also try: Asia 6 to 1
Challenge
Share
Tweet
Embed
Score 0/6 Timer 01:00
15 Plays Today
% Correct
QQatar
97.3%
YYemen
96.5%
OOman
96%
VVietnam
91.3%
GGeorgia
80.1%
RRussia
76.7%

You're not logged in!

Compare scores with friends on all Sporcle quizzes.
Join for Free
OR
Log In

You Might Also Like...

Show Comments

Extras

Top Quizzes Today


Score Distribution

Your Account Isn't Verified!

In order to create a playlist on Sporcle, you need to verify the email address you used during registration. Go to your Sporcle Settings to finish the process.

Report this User

Report this user for behavior that violates our Community Guidelines.

Details: